Browse's Introduction to the symtoms &Sign of Surgical Diseases (Record no. 2031)

MARC details
000 -LEADER
fixed length control field 00379nam a22001457a 4500
008 - FIXED-LENGTH DATA ELEMENTS--GENERAL INFORMATION
fixed length control field 250303b |||||||| |||| 00| 0 eng d
020 ## - INTERNATIONAL STANDARD BOOK NUMBER
ISBN 9781444146035
100 ## - MAIN ENTRY--AUTHOR
Author Burnand Kevin G
245 ## - TITLE STATEMENT
Title Browse's Introduction to the symtoms &Sign of Surgical Diseases
250 ## - EDITION STATEMENT
Edition statement 5th
260 ## - PUBLICATION, DISTRIBUTION, ETC. (IMPRINT)
Place of publication Bora Raton
Name of publisher CRC Press
Date of publication 2015
300 ## - COLLATION
Pagination 620p
942 ## - ADDED ENTRY ELEMENTS (KOHA)
Item type Books
050 ## - LIBRARY OF CONGRESS CALL NUMBER
Classification number RD35
Item number .B76

No items available.